Statystyki dla Imiona męskie na I

Kliknij tutaj aby rozwiązać quiz!

Ogólne statystyki

  • Ten quiz został rozwiązany 352 razy
  • Średni wynik to 3 z 7

Statystyki odpowiedzi

HintOdpowiedź% Poprawnych
4-literoweIgor
85%
8-literoweIreneusz
73%
6-literoweIgnacy
69%
3-literoweIwo
58%
6-literoweIzydor
29%
4-literoweIdzi
14%
3-literoweIvo
13%

Rozkład punktacji

Percentyl według liczby udzielonych odpowiedzi

Procent ludzi z każdym wynikiem

Twoja historia wyników

Nie rozwiązałeś tego quizu